| 000 | 00348nam a2200133Ia 4500 | ||
|---|---|---|---|
| 005 | 20260328101505.0 | ||
| 008 | 260328s9999||||xx |||||||||||||| ||und|| | ||
| 100 | _aBrownlee, David B. | ||
| 245 | 0 |
_aLouis I. Kahn : _b In the realm of Architecture / _cDavid B. Brownlee |
|
| 260 | _bRizzoli | ||
| 300 | _a448 p. | ||
| 650 | _aKahn, Louis | ||
| 942 | _cBK | ||
| 999 |
_c9011 _d9011 |
||